000 00720nam a22001577a 4500
003 OSt
005 20151110132857.0
008 151031b xxu||||| |||| 00| 0 eng d
040 _cRUA
082 _aATM.s KUO 2004 B059 Or.1
100 _93088
_aKUONG, SOTHIRA.
245 _aEffect of storage condition on zea maize pollen viability at the royal university of agriculture, ឥទ្ធិពលនៃលក្ខខណ្ឌការថែរក្សាទៅលើដំណុះភាពនៃគ្រាប់លំអង់ពោតនៅសាកលវិទ្យាល័យភូមិន្ទកសិកម្ម
260 _aPhnom Penh
_bRUA
_c2004
300 _aix; 38p.
_bill.
_c29cm.
942 _2ddc
_cATMSP
999 _c2878
_d2878